[Event "DSOL 08 Liga Final 1st"]
[Site "Playchess.com INT"]
[Date "2020.08.25"]
[Round "1.4"]
[White "Kleine, Jelte"]
[Black "Held, Momme Fredrik"]
[Result "0-1"]
[WhiteElo "1050"]
[BlackElo "1623"]
[PlyCount "66"]
[EventDate "2020.06.22"]
[EventType "team-k.o. (rapid)"]
[EventCountry "GER"]
[SourceTitle "EXT 2021"]
[Source "ChessBase"]
[SourceDate "2020.10.23"]
[SourceVersion "1"]
[SourceVersionDate "2020.10.23"]
[SourceQuality "1"]
[WhiteTeam "Paderborn Akademie II"]
[BlackTeam "Kreuzberg III"]
[WhiteTeamCountry "GER"]
[BlackTeamCountry "GER"]

1. d4 d5 2. Nf3 c6 3. g3 Nf6 4. Bg2 Bf5 5. 0-0 e6 6. c4 Bd6 7. Nc3 0-0 8. cxd5 exd5 9. Ne5 Bxe5 10. dxe5 Ng4 11. Bf4 Nd7 12. Nxd5 cxd5 13. Qxd5 Ngxe5 14. Bxe5 Nxe5 15. Qxe5 Bg6 16. Bxb7 Re8 17. Qd5 Rb8 18. Qxd8 Rexd8 19. Rfd1 Re8 20. Ba6 Rxb2 21. Rd7 h6 22. Rxa7 Re6 23. Ra8+ Kh7 24. a4 Reb6 25. Bb5 Rb7 26. Rd1 Be4 27. f3 R7xb5 28. fxe4 Re5 29. Rad8 Rxe4 30. R8d4 Rexe2 31. Ra1 Rg2+ 32. Kf1 Rxh2 33. a5 Rh1# 0-1

[Event "DSOL 08 Liga Gr-A 1st"]
[Site "Playchess.com INT"]
[Date "2020.07.30"]
[Round "6.4"]
[White "Kleine, Jelte"]
[Black "Chitsazian, Daniel"]
[Result "0-1"]
[WhiteElo "1050"]
[BlackElo "1143"]
[PlyCount "98"]
[EventDate "2020.06.22"]
[EventType "team-tourn (rapid)"]
[EventCountry "GER"]
[SourceTitle "EXT 2021"]
[Source "ChessBase"]
[SourceDate "2020.10.23"]
[SourceVersion "1"]
[SourceVersionDate "2020.10.23"]
[SourceQuality "1"]
[WhiteTeam "Paderborn Akademie II"]
[BlackTeam "Werder Bremen III"]
[WhiteTeamCountry "GER"]
[BlackTeamCountry "GER"]

1. d4 d5 2. Nf3 e6 3. g3 Nc6 4. Bg2 Nf6 5. 0-0 Bd6 6. c4 dxc4 7. Nc3 a6 8. Re1 0-0 9. e4 Be7 10. a3 b5 11. e5 Nd5 12. Nxd5 exd5 13. Qd2 b4 14. Ng5 h6 15. Nf3 Na5 16. Qe3 Nb3 17. Ra2 bxa3 18. bxa3 c5 19. Nd2 cxd4 20. Qf3 Nxc1 21. Rxc1 Be6 22. Rb2 c3 23. Ra2 cxd2 24. Rxd2 Qb8 25. Rxd4 Qxe5 26. Qd3 Bxa3 27. Rd1 Be7 28. Bxd5 Bf6 29. Re4 Qxd5 30. Qxd5 Bxd5 31. Rxd5 Rfd8 32. Ra5 Rd4 33. Re3 Bd8 34. Re8+ Kh7 35. Rf5 Kg6 36. Rc5 Ra7 37. Rc8 Bf6 38. Re2 a5 39. Ra2 Rd1+ 40. Kg2 Ra1 41. Rxa1 Bxa1 42. Rc6+ Bf6 43. h4 a4 44. g4 a3 45. f4 a2 46. h5+ Kh7 47. g5 a1Q 48. g6+ fxg6 49. hxg6+ Kxg6 0-1

[Event "DSOL 08 Liga Gr-A 1st"]
[Site "Playchess.com INT"]
[Date "2020.07.14"]
[Round "4.3"]
[White "Michel, Lennart"]
[Black "Kleine, Jelte"]
[Result "0-1"]
[WhiteElo "1073"]
[BlackElo "1050"]
[PlyCount "52"]
[EventDate "2020.06.22"]
[EventType "team-tourn (rapid)"]
[EventCountry "GER"]
[SourceTitle "EXT 2021"]
[Source "ChessBase"]
[SourceDate "2020.10.23"]
[SourceVersion "1"]
[SourceVersionDate "2020.10.23"]
[SourceQuality "1"]
[WhiteTeam "Kreuzberg III"]
[BlackTeam "Paderborn Akademie II"]
[WhiteTeamCountry "GER"]
[BlackTeamCountry "GER"]

1. e4 e6 2. Nc3 d5 3. exd5 exd5 4. d4 Bb4 5. Bd2 Ne7 6. Nf3 Nbc6 7. Bd3 Bg4 8. 0-0 Nxd4 9. Be2 0-0 10. Nxd4 Bxe2 11. Ndxe2 d4 12. Ne4 Bxd2 13. Qxd2 Re8 14. Qxd4 Nd5 15. N4c3 Nxc3 16. Qxd8 Nxe2+ 17. Kh1 Raxd8 18. g3 Rd2 19. Rae1 Kf8 20. Kg2 Rxc2 21. Rb1 Rd8 22. Rfe1 Rdd2 23. Kf1 Nd4 24. a3 Rxf2+ 25. Kg1 Nf3+ 26. Kh1 Rxh2# 0-1